| 000 | nam a22 7a 4500 | ||
|---|---|---|---|
| 999 |
_c331972 _d331972 |
||
| 003 | NUST | ||
| 005 | 20171106104623.0 | ||
| 008 | 171106b xxu||||| |||| 00| 0 eng d | ||
| 020 | _a9780865715806 | ||
| 040 | _c0 | ||
| 082 | _a628.142 HEA | ||
| 100 |
_aKinkade-Levario,Heather _95982 |
||
| 245 |
_aDesign For Water: _bRainwater Harvesting stormwater catchment and alternate water reuse. _cHeather Kinkade-Levario |
||
| 260 |
_aCanada _bNew Society Publishers _c2007. |
||
| 300 | _a237p. | ||
| 500 | _aphotocopy | ||
| 942 |
_2ddc _cBK _kIESE |
||